Computational optimization and applications / (Record no. 180509)
[ view plain ]
| 000 -LEADER | |
|---|---|
| fixed length control field | 00807nam a2200229Ia 4500 |
| 005 - DATE AND TIME OF LATEST TRANSACTION | |
| control field | 20250120154655.0 |
| 008 - FIXED-LENGTH DATA ELEMENTS--GENERAL INFORMATION | |
| fixed length control field | 210716s2012 xx 000 0 und d |
| 020 ## - INTERNATIONAL STANDARD BOOK NUMBER | |
| International Standard Book Number | 9788184871333 |
| 040 ## - CATALOGING SOURCE | |
| Transcribing agency | AIMIT LIBRARY |
| 041 ## - LANGUAGE CODE | |
| Language code of text/sound track or separate title | eng |
| 082 ## - DEWEY DECIMAL CLASSIFICATION NUMBER | |
| Classification number | 001.0725116 |
| Edition number | 1 |
| Item number | BASK |
| 245 ## - TITLE STATEMENT | |
| Title | Computational optimization and applications / |
| Statement of responsibility, etc. | Edited by Kajla Basu and Samarjit Kar. |
| 250 ## - EDITION STATEMENT | |
| Edition statement | 1st ed. |
| 260 ## - PUBLICATION, DISTRIBUTION, ETC. | |
| Place of publication, distribution, etc. | New Delhi : |
| Name of publisher, distributor, etc. | Narosa Publishing House , |
| Date of publication, distribution, etc. | 2012. |
| 300 ## - PHYSICAL DESCRIPTION | |
| Extent | 150p. ; |
| Other physical details | HB |
| Dimensions | 25.8 cm |
| 650 ## - SUBJECT ADDED ENTRY--TOPICAL TERM | |
| Topical term or geographic name entry element | Unconstrained and constrained optimization |
| 9 (RLIN) | 193927 |
| 650 ## - SUBJECT ADDED ENTRY--TOPICAL TERM | |
| Topical term or geographic name entry element | Ant colony optimization : an overview |
| 9 (RLIN) | 193928 |
| 650 ## - SUBJECT ADDED ENTRY--TOPICAL TERM | |
| Topical term or geographic name entry element | Stochastic optimization : a conspectus |
| 9 (RLIN) | 193929 |
| 700 ## - ADDED ENTRY--PERSONAL NAME | |
| Personal name | Basu, Kajla., ed. |
| 9 (RLIN) | 193930 |
| 700 ## - ADDED ENTRY--PERSONAL NAME | |
| Personal name | Kar, Samarjit., ed. |
| 9 (RLIN) | 193931 |
| 942 ## - ADDED ENTRY ELEMENTS (KOHA) | |
| Source of classification or shelving scheme | Dewey Decimal Classification |
| Koha item type | Book |
| Edition | 1st |
| Call number prefix | 001.0725116 BASK |
| Withdrawn status | Lost status | Damaged status | Not for loan | Collection code | Home library | Current library | Date acquired | Source of acquisition | Total Checkouts | Full call number | Barcode | Date last seen | Price effective from | Koha item type | Source of classification or shelving scheme | Cost, normal purchase price | Inventory number | Cost, replacement price |
|---|---|---|---|---|---|---|---|---|---|---|---|---|---|---|---|---|---|---|
| MCA | St Aloysius Institute of Management & Information Technology | St Aloysius Institute of Management & Information Technology | 07/16/2021 | Donated | 001.0725116 BASK | MCA00017 | 07/21/2025 | 07/16/2021 | Book | |||||||||
| MCA | St Aloysius Institute of Management & Information Technology | St Aloysius Institute of Management & Information Technology | Narosa Book Distributors | 001.0725116 BASK | MCA14232 | 07/21/2025 | 07/16/2021 | Book | Dewey Decimal Classification | 575.00 | Bill no:67452; Bill dt:2015-05-2 | 431.25 |